vainqueur grand prix F1 2021 - Statistiques

Statistiques générales
  • Ce quiz a été pris 344 fois
  • Le résultat moyen est 22 sur 22
Statistiques - réponses
GP vainqueur % Correct
Castellet (France) Verstappen
100%
Sakhir (Bahreïn) Hamilton
100%
Portimao (Portugal) Hamilton
100%
Barcelone (Espagne) Hamilton
100%
Silverstone (Royaume-Uni) Hamilton
100%
Sotchi (Russie) Hamilton
100%
Sao Paulo (Brésil) Hamilton
100%
Doha (Qatar) Hamilton
100%
Jeddah (Arabie Saoudite) Hamilton
100%
Imola (Italie) Verstappen
100%
Monaco Verstappen
100%
RedBull Ring
(Autriche)
Verstappen
100%
RedBull Ring (Autriche) Verstappen
100%
Spa (Belgique) Verstappen
100%
Zandvoort
(Autriche)
Verstappen
100%
Austin (USA) Verstappen
100%
Mexico (Mexique) Verstappen
100%
Abu Dhabi (Abu Dhabi) Verstappen
100%
Bakou (Azerbaijan) Perez
96%
Budapest (Hongrie) Ocon
93%
Istanbul (Turquie) Bottas
92%
Monza (Italie) Ricciardo
87%
Aucun quiz correspondant
Distribution des résultats
% des personnes avec chaque résultat
Percentile par nombre de réponses
Votre historique - résultats
Vous n’avez pas pris ce quiz